<?xml version="1.0" encoding="UTF-8"?>
<marc:record xmlns:marc="http://www.loc.gov/MARC21/slim">
   <marc:leader>00000nam a2200000 a 4500</marc:leader>
   <marc:datafield ind1="1" ind2=" " tag="100">
      <marc:subfield code="a">Pantermüller, Alice</marc:subfield>
      <marc:subfield code="4">aut</marc:subfield>
      <marc:subfield code="e">Verfasser/-in</marc:subfield>
   </marc:datafield>
   <marc:datafield ind1=" " ind2=" " tag="653">
      <marc:subfield code="a">Kinderbücher bis 11 Jahre</marc:subfield>
   </marc:datafield>
   <marc:datafield ind1="0" ind2="0" tag="245">
      <marc:subfield code="a">Mein Lotta-Leben - Im Zeichen des Tapirs</marc:subfield>
   </marc:datafield>
   <marc:datafield ind1="0" ind2="0" tag="245">
      <marc:subfield code="b">Ein herrlich verrücktes Abenteuer der großen Bestsellerreihe für alle von 9-12 Jahren</marc:subfield>
   </marc:datafield>
   <marc:datafield ind1="0" ind2="0" tag="245">
      <marc:subfield code="c">Pantermüller, Alice</marc:subfield>
   </marc:datafield>
   <marc:datafield ind1=" " ind2="1" tag="264">
      <marc:subfield code="a">Würzburg</marc:subfield>
      <marc:subfield code="b">Arena</marc:subfield>
      <marc:subfield code="c">2021</marc:subfield>
   </marc:datafield>
   <marc:datafield ind1="1" ind2=" " tag="490">
      <marc:subfield code="a">Mein Lotta-Leben</marc:subfield>
      <marc:subfield code="v">18</marc:subfield>
   </marc:datafield>
   <marc:datafield ind1="1" ind2=" " tag="520">
      <marc:subfield code="a">Mein Lotta-Leben (18). Im Zeichen des Tapir : Ein herrlich verrücktes Abenteuer der großen Bestsellerreihe für alle von 9-12 Jahren / von Alice Pantermüller &#xD;
&#xD;
 &#xD;
&#xD;
  &#xD;
&#xD;
 Frischer Lesestoff für alle „Mein Lotta-Leben“-Fans: Ein brandneuer Band zum Verschlingen und Schlapplachen&#xD;
  &#xD;
&#xD;
 &#xD;
Von allen Fans ersehnt: Der neue Band der internationalen Kult-Bestsellerreihe von Alice Pantermüller und Daniela Kohl für Mädchen ab 9. In gewohnter Gestaltung der „Mein Lotta-Leben“-Reihe: Mit hohem Illustrationsanteil zum Selbstlesen auch für weniger geübte Leser geeignet - garantiert ein Erfolgserlebnis. &#xD;
&#xD;
 &#xD;
Weitere Infos unter www.mein-lotta-leben.de</marc:subfield>
   </marc:datafield>
   <marc:datafield ind1=" " ind2=" " tag="020">
      <marc:subfield code="a">9783401605050</marc:subfield>
      <marc:subfield code="9">9783401605050</marc:subfield>
   </marc:datafield>
   <marc:datafield ind1=" " ind2=" " tag="020">
      <marc:subfield code="a">3401605054</marc:subfield>
      <marc:subfield code="9">3401605054</marc:subfield>
   </marc:datafield>
   <marc:datafield ind1=" " ind2=" " tag="041">
      <marc:subfield code="a">ger</marc:subfield>
   </marc:datafield>
   <marc:datafield ind1="0" ind2=" " tag="490">
      <marc:subfield code="v">18</marc:subfield>
   </marc:datafield>
   <marc:datafield ind1=" " ind2=" " tag="338">
      <marc:subfield code="a">Band</marc:subfield>
   </marc:datafield>
   <marc:datafield ind1=" " ind2=" " tag="300">
      <marc:subfield code="a">160 Seiten</marc:subfield>
   </marc:datafield>
</marc:record>
